01121nam a22002057a 4500003000400000005001700004008004100021020001800062020001500080040001200095050001200107100001900119245005000138250001200188260005000200300004300250500003500293505056900328650001800897OSt20230519145305.0200203b xxu||||| |||| 00| 0 eng d a9781305949645 a1305949641 cWIUC-GH aP90.W84 aWood, Julia T. aCommunication in our lives. /cJulia T. Wood. a8th ed. aBoston :bWadsworth, Cengage Learning,c2018. axxix, 400 p. : bill. (col.) ;c25 cm. aIncludes reference and index. aContents: The world of communication -- Perception and communication -- Communication and personal identity -- Listening effectively -- The Verbal dimension of communication -- The Nonverbal dimension of communication -- Communication in groups and teams -- Communication in organizations -- Communication and culture -- Media and media literacy -- Planning public speaking -- Researching and developing support for public speeches -- Organizing and presenting public speeches -- Informative speaking -- Persuasive speaking -- Closing: pulling ideas together --  aCommunication